LEADER 00847nam0-22003131i-450- 001 990003063110403321 005 20091123104640.0 010 $a0-333-34936-9 035 $a000306311 035 $aFED01000306311 035 $a(Aleph)000306311FED01 035 $a000306311 100 $a20030910d1985----km-y0itay50------ba 101 0 $aita 102 $aIT 200 1 $a<>Economics of Michal Kalecki$fMalcolm C.Sawyer. 210 $aBasingstoke$cMacmillan$d1985. 215 $aVII, 319 p.$d22 cm 225 1 $aRadical economics 676 $aD/8.15 702 1$aSawyer,$bMalcolm Charles 801 0$aIT$bUNINA$gRICA$2UNIMARC 901 $aBK 912 $a990003063110403321 952 $aD/8.15 SAW$b5/L CNR$fSES 952 $aD/8.15 SAW$b4910$fSES 959 $aSES 996 $aEconomics of Michal Kalecki$9465443 997 $aUNINA LEADER 01425nam--2200409---450- 001 990001746820203316 005 20101216131407.0 010 $a88-348-3239-6 035 $a000174682 035 $aUSA01000174682 035 $a(ALEPH)000174682USA01 035 $a000174682 100 $a20040611d2003----km-y0enga50------ba 101 0 $aita 102 $aIT 105 $ay|||z|||001yy 200 1 $a<> riforma delle società$ecommentario del d.lgs. 17 gennaio 2003, n. 6$esocietà cooperative, Artt. 2511-2548 cod. civ.$fa cura di Michele Dandulli e Vittorio Santoro 210 $aTorino$cG. Giappichelli$d2003 215 $aXVII, 253 p.$d24 cm 225 2 $a<> nuove leggi del diritto dell'economia$v4 410 0$12001$a<> nuove leggi del diritto dell'economia$v4 606 0 $aSocietà commerciale$xLegislazione$xStoria 676 $a346.45066 702 1$aSANDULLI,$bMichele 702 1$aSANTORO,$bVittorio 801 0$aIT$bsalbc$gISBD 912 $a990001746820203316 951 $aXXV.3.E. 580 (IG II 1014)$b44464 G.$cXXV.3.E. 580 (IG II)$d00115834 959 $aBK 969 $aGIU 979 $aMARIA$b10$c20040611$lUSA01$h1102 979 $aALINA$b90$c20040628$lUSA01$h1534 979 $aRENATO$b90$c20050117$lUSA01$h1121 979 $aRSIAV3$b90$c20090724$lUSA01$h1107 979 $aRSIAV4$b90$c20101216$lUSA01$h1314 996 $aRiforma delle società$9168112 997 $aUNISA LEADER 01446nam a2200253|i 4500 001 991003785879707536 005 20021223130658.0 008 020320s|||| sz u u enguu 020 $a9280506587 035 $ab11863730-39ule_inst 035 $aLE02988420$9ExL 040 $aISUFI - Sett. Diritti e Politiche Euromediterranee$bita 082 0 $a346.048 110 2 $aWorld Intellectual Property Organization$0464697 245 10$aMadrid Agreement Concerning the International Registration of Marks :$bof April 14, 1891, as revised at Brussels on December 14, 1900, at Washington on June 2, 1911, at The Hague on November 6, 1925, at London on June 2, 1934, at Nice on June 15, 1957, and at Stockholm on July 14, 1967, and as amended on September 28, 1979 :$bProtocol relating to the Madrid Agreement Concerning the International Registration of Marks, adopted at Madrid on June 27, 1989 :$band Regulations (as in force on November 1, 2000) 260 0 $aGeneva :$bWIPO,$c2000 300 $a134 p. ;$c21 cm. + 1 pamphlet (5 p. ;$c20 cm.) 490 0 $aWIPO publication ;$v204 (E) 907 $a.b11863730$b28-04-17$c23-12-02 912 $a991003785879707536 945 $aLE029 346.048 WIP01.37$g1$iLE029-3526$lle029$o-$pE0.00$q-$rn$so $t0$u0$v0$w0$x0$y.i12116233$z23-12-02 996 $aMadrid Agreement Concerning the International Registration of Marks$9901497 997 $aUNISALENTO 998 $ale029$b01-01-02$cm$da $e-$feng$gsz $h0$i1